Sediment-water distribution of organic contaminants in aquatic ecosystems : The role of organic carbon mineralization /
保存先:
| 第一著者: | |
|---|---|
| その他の著者: | |
| フォーマット: | 論文 |
| 言語: | English |
| 主題: | |
| タグ: |
タグ追加
タグなし, このレコードへの初めてのタグを付けませんか!
|
| Thư viện lưu trữ: | Thư viện Trường Đại học Đà Lạt |
|---|
| LEADER | 01017nam a2200325 4500 | ||
|---|---|---|---|
| 001 | DLU090093523 | ||
| 005 | ##20091201 | ||
| 040 | # | # | |a DLU |b eng |
| 041 | # | # | |a eng |
| 044 | # | # | |a us |
| 100 | # | # | |a Gobas, Frank A. P. C. |
| 245 | # | # | |a Sediment-water distribution of organic contaminants in aquatic ecosystems : The role of organic carbon mineralization / |c Frank A. P. C. Gobas, Laura G. MacLean. |
| 653 | # | # | |a Biogeochemistry |
| 653 | # | # | |a Carbon cycle |
| 653 | # | # | |a Diagenesis |
| 653 | # | # | |a Mineralization |
| 653 | # | # | |a Partition coefficient |
| 653 | # | # | |a Plankton |
| 653 | # | # | |a Water pollution |
| 700 | # | # | |a MacLean, Laura G. |
| 773 | # | # | |t Environmental Science & Technology |g Vol. 37, no. 4 (February 2003), p. 735-741 |
| 920 | # | # | |a Phòng Tạp chí -- Trung tâm Thông tin - Thư viện Trường Đại học Đà Lạt |
| 994 | # | # | |a DLU |
| 900 | # | # | |a True |
| 911 | # | # | |a Trương Bảo Trâm Anh |
| 925 | # | # | |a G |
| 926 | # | # | |a A |
| 927 | # | # | |a BB |
| 980 | # | # | |a Thư viện Trường Đại học Đà Lạt |